Laureaci literackiej Nagrody Nobla - nagła śmierć - Statystyki

Ogólne statystyki
  • Ten quiz został rozwiązany 369 razy
  • Średni wynik to 5 z 20
Answers on the Grid
Answers color-coded by a green-red scale on the quiz's grid according to % correct below.
Henryk Sienkiewicz
Bolesław Prus
Rudyard Kipling
John R. R. Tolkien
Selma Lagerlof
Astrid Lindgren
Romain Rolland
Marcel Proust
Władysław Reymont
Stefan Żeromski
Thomas Mann
Heinrich Mann
Hermann Hesse
Franz Kafka
Winston Churchill
Clive S. Lewis
Ernest Hemingway
George Orwell
Albert Camus
Jaroslav Hasek
Borys Pasternak
Michaił Bułhakow
John Steinbeck
Michaił Szołochow
Lew Tołstoj
Kurt Vonnegut
Aleksander Sołżenicyn
James Joyce
Czesław Miłosz
Tadeusz Różewicz
Gabriel Garcia Marquez
Julio Cortazar
Wisława Szymborska
Zbigniew Herbert
Olga Tokarczuk
Stanisław Lem
Gunter Grass
Milan Kundera
Erich Maria Remarque
Bob Dylan
 
Statystyki odpowiedzi
Odpowiedź % Poprawnych
Olga Tokarczuk
62%
Czesław Miłosz
58%
Henryk Sienkiewicz
58%
Wisława Szymborska
58%
Władysław Reymont
50%
Winston Churchill
32%
Bob Dylan
29%
Ernest Hemingway
26%
Albert Camus
23%
Gabriel Garcia Marquez
22%
Gunter Grass
19%
Aleksander Sołżenicyn
15%
Thomas Mann
13%
John Steinbeck
12%
Rudyard Kipling
12%
Borys Pasternak
9%
Hermann Hesse
8%
Michaił Szołochow
8%
Romain Rolland
8%
Selma Lagerlof
8%
Nie znaleziono quizów pasujących do podanych kryteriów
Rozkład punktacji
Procent ludzi z każdym wynikiem
Percentyl według liczby udzielonych odpowiedzi
Twoja historia wyników
Nie rozwiązałeś tego quizu